Catálogo

PLATONE (Registro nro. 46737)

Detalles MARC
000 -LEADER
fixed length control field 00884nam a2200193 a 4500
001 - CONTROL NUMBER
control field 46737
005 - DATE AND TIME OF LATEST TRANSACTION
control field 20180714030424.0
008 - FIXED-LENGTH DATA ELEMENTS--GENERAL INFORMATION
fixed length control field 140415s1990 it 000 0 ita d
041 ## - LANGUAGE CODE
Language code of text/sound track or separate title ita
082 ## - DEWEY DECIMAL CLASSIFICATION NUMBER
Classification number 195
Item number OPE
100 1# - MAIN ENTRY--PERSONAL NAME
Personal name SCIACCA, MICHELE FEDERICO
245 10 - TITLE STATEMENT
Title PLATONE
250 ## - EDITION STATEMENT
Edition statement 1a ed.
260 ## - PUBLICATION, DISTRIBUTION, ETC.
Place of publication, distribution, etc. ITALIA :
Name of publisher, distributor, etc. LEPOS,
Date of publication, distribution, etc. 1990
300 ## - PHYSICAL DESCRIPTION
Extent
Dimensions 14.5 x 4 x 22.5
490 ## - SERIES STATEMENT
Series statement OPERE DI MICHELE FEDERICO SCIACCA
520 ## - SUMMARY, ETC.
Summary, etc. GLI SCRITTI, RACCOLTI E ORGANICAMENTE SISTEMATI IN QUESTI DUE VOLUMINI, ABBRACCIANO UN ARCO DI TEMPO DI CIRCA VEINTICINQUE ANNI, A PARTIRE DAL 1930; QUELLI CHE VANNO DA QUESTA DATA AL ´38 SON TESTIMONIANZA DELLA MIA GIOVANILE<<COTTA>> PER PLATONE, FATALE SE, COME DICONO I COMPETENTI, PLATOCINI SI NASCE - E SI RESTA, DICO IO, PUR QUANDO LA COTTA SI TRASFORMA IN PROFONDO INTERESSE CRITICAMENTE RIPENSATO.
650 14 - SUBJECT ADDED ENTRY--TOPICAL TERM
Topical term or geographic name entry element PLATONISMO
Existencias
Withdrawn status Lost status Source of classification or shelving scheme Damaged status Not for loan Collection code Home library Current library Shelving location Date acquired Source of acquisition Inventory number Total Checkouts Full call number Barcode Date last seen Price effective from Koha item type
    Dewey Decimal Classification     General Biblioteca Karol Wojtyla Biblioteca Karol Wojtyla Sala general 03/12/2013 Compra 151000000000000000062443   195 OPE 70100 05/01/2026 03/12/2013 Libro